Statistics for Complete the Card - WWE WrestleMania 2000

Click here to take the quiz!

General Stats

  • This quiz has been taken 383 times
  • The average score is 25 of 34

Answer Stats

Answer% Correct
Triple H
98%
The Rock
96%
Matt Hardy
94%
The Big Show
94%
Christian
93%
Edge
93%
Jeff Hardy
93%
Mick Foley
91%
Test
91%
Bubba Ray Dudley
90%
D-Von Dudley
90%
Albert
88%
Kane
87%
Chris Benoit
84%
Chris Jericho
83%
Kurt Angle
83%
X-Pac
74%
Eddie Guerrero
70%
Hardcore Holly
70%
Road Dogg
70%
Chyna
67%
Rikishi
61%
The Kat
59%
Scotty 2 Hotty
55%
Perry Saturn
54%
Dean Malenko
53%
Grandmaster Sexay
53%
The Godfather
53%
Al Snow
50%
Big Boss Man
50%
D'Lo Brown
48%
Steve Blackman
48%
Terri
47%
Bull Buchanan
41%

Score Distribution

Percentile by Number Answered

Percent of People with Each Score

Your Score History

You have not taken this quiz